<?xml version="1.0" encoding="UTF-8"?>
<collection xmlns="http://www.loc.gov/MARC21/slim">
    <record>
        <controlfield tag="001">76079</controlfield>
        <controlfield tag="005">20190110111045.0</controlfield>
        <datafield tag="024" ind1="7" ind2=" ">
            <subfield code="2">doi</subfield>
            <subfield code="a">10.5565/rev/locus.316</subfield>
        </datafield>
        <datafield tag="024" ind1="8" ind2=" ">
            <subfield code="2">sideral</subfield>
            <subfield code="a">109196</subfield>
        </datafield>
        <datafield tag="037" ind1=" " ind2=" ">
            <subfield code="a">ART-2018-109196</subfield>
        </datafield>
        <datafield tag="041" ind1=" " ind2=" ">
            <subfield code="a">spa</subfield>
        </datafield>
        <datafield tag="100" ind1=" " ind2=" ">
            <subfield code="0">(orcid)0000-0001-7723-2238</subfield>
            <subfield code="a">Tarifa Castilla, María Josefa</subfield>
            <subfield code="u">Universidad de Zaragoza</subfield>
        </datafield>
        <datafield tag="245" ind1=" " ind2=" ">
            <subfield code="a">La iglesia de San Vicente en San Sebastián: los contratos, trazas y artífices del proyecto edilicio (1507-1548)</subfield>
        </datafield>
        <datafield tag="260" ind1=" " ind2=" ">
            <subfield code="c">2018</subfield>
        </datafield>
        <datafield tag="506" ind1="0" ind2=" ">
            <subfield code="a">Access copy available to the general public</subfield>
            <subfield code="f">Unrestricted</subfield>
        </datafield>
        <datafield tag="520" ind1="3" ind2=" ">
            <subfield code="a">El presente artículo aborda el proyecto edilicio de la iglesia de San Vicente, en San Sebastián (Guipúzcoa), en la primera mitad del siglo xvi, el monumento más antiguo conservado en la ciudad. El trabajo ha sido realizado mediante la consulta de la documentación y de los diseños gráficos inéditos localizados en el Archivo Diocesano de Zaragoza. A través de él se dan a conocer los diversos contratos de obra que se realizaron para construir la iglesia entre 1507 y 1548, los maestros canteros que estuvieron al frente de la misma —Miguel de Santa Celay, Juan de Urrutia, Lope de Izturizaga y Domingo de Eztala— y las diferentes supervisiones de la fábrica efectuadas por destacados artífices. Dicha información se complementa con dos trazas que muestran la planimetría del edificio que se quería acometer, diseños anónimos duplicados de originales a menor escala que fueron llevados a la práctica, tal como se puede seguir apreciando hoy en día.

This article examines the building project of the church of Saint Vincent of San Sebastian (Guipuzcoa) in the first half of the 16th century, the most ancient monument preserved in the city, using documentation and unpublished graphic designs located in the Diocesan Archive of Saragossa. The study reveals the various construction contracts according to which the church was built between 1507 and 1548, the stonemasons who were in charge of it—Miguel de Santa Celay, Juan de Urrutia, Lope de Izturizaga and Domingo de Eztala—and the different supervisions of the works carried out by outstanding architects. The information is complemented with two designs with the building’s planimetry. The designs are anonymous duplicates of smaller scale originals that were used for the construction of the church as it can be seen today.</subfield>
        </datafield>
        <datafield tag="536" ind1=" " ind2=" ">
            <subfield code="9">info:eu-repo/grantAgreement/ES/MEC/HAR2014-54281-P</subfield>
        </datafield>
        <datafield tag="540" ind1=" " ind2=" ">
            <subfield code="9">info:eu-repo/semantics/openAccess</subfield>
            <subfield code="a">by</subfield>
            <subfield code="u">http://creativecommons.org/licenses/by/3.0/es/</subfield>
        </datafield>
        <datafield tag="655" ind1=" " ind2="4">
            <subfield code="a">info:eu-repo/semantics/article</subfield>
            <subfield code="v">info:eu-repo/semantics/publishedVersion</subfield>
        </datafield>
        <datafield tag="710" ind1="2" ind2=" ">
            <subfield code="1">3007</subfield>
            <subfield code="2">465</subfield>
            <subfield code="a">Universidad de Zaragoza</subfield>
            <subfield code="b">Dpto. Historia del Arte</subfield>
            <subfield code="c">Área Historia del Arte</subfield>
        </datafield>
        <datafield tag="773" ind1=" " ind2=" ">
            <subfield code="g">16 (2018), 71-92</subfield>
            <subfield code="p">Locus amoenus</subfield>
            <subfield code="t">Locvs amoenvs</subfield>
            <subfield code="x">1135-9722</subfield>
        </datafield>
        <datafield tag="856" ind1="4" ind2=" ">
            <subfield code="s">1940075</subfield>
            <subfield code="u">http://zaguan.unizar.es/record/76079/files/texto_completo.pdf</subfield>
            <subfield code="y">Versión publicada</subfield>
        </datafield>
        <datafield tag="856" ind1="4" ind2=" ">
            <subfield code="s">64788</subfield>
            <subfield code="u">http://zaguan.unizar.es/record/76079/files/texto_completo.jpg?subformat=icon</subfield>
            <subfield code="x">icon</subfield>
            <subfield code="y">Versión publicada</subfield>
        </datafield>
        <datafield tag="909" ind1="C" ind2="O">
            <subfield code="o">oai:zaguan.unizar.es:76079</subfield>
            <subfield code="p">articulos</subfield>
            <subfield code="p">driver</subfield>
        </datafield>
        <datafield tag="951" ind1=" " ind2=" ">
            <subfield code="a">2019-01-10-10:39:22</subfield>
        </datafield>
        <datafield tag="980" ind1=" " ind2=" ">
            <subfield code="a">ARTICLE</subfield>
        </datafield>
    </record>

    
</collection>